000 00884nmm a2200253 a 4500
001 ocm000701050
003 TR-IsHL
005 20201028135110.0
008 131203s1969 tu tur
007 cr cn
035 _a701050
_b(N$T)
050 0 4 _aHC420
_b.B57 1969
090 0 4 _aHC420
_b.B57 1969
245 1 0 _aBirleşik Arap Cumhuriyeti
_h[electronic resource] /
_cİstanbul Ticaret Odası
260 _aİstanbul :
_bİstanbul Ticaret Odası,
_c1969
300 _a20 p.
650 4 _aEkonomi ve Finans
650 4 _aEconomics and Finance
650 0 _aBirleşik Arap Emirlikleri
_x Ekonomik durum
650 0 _aUnited Arab Emirates
_x Economic conditions
650 7 _aBUSINESS & ECONOMICS / Economic Conditions
_2bisacsh
700 1 _aİstanbul Ticaret Odası
856 4 0 _uhttp://search.ebscohost.com/login.aspx?direct=true&scope=site&db=e011xww&AN=701050
999 _c6557
_d6557